Qurun-I Usta Ke Muslamano ki Ilmi Khidmat (V-2) : / قرون وسطی کے مسلمانوں کی علمی خدمات- حصہ اول (Record no. 26039)

MARC details
000 -LEADER
fixed length control field 00669nam a22001817a 4500
003 - CONTROL NUMBER IDENTIFIER
control field BDDh-ASL
005 - DATE AND TIME OF LATEST TRANSACTION
control field 20231015030605.0
008 - FIXED-LENGTH DATA ELEMENTS--GENERAL INFORMATION
fixed length control field 210924s1950 i ||||| |||| 00| 0 u d
040 ## - CATALOGING SOURCE
Original cataloging agency BDDh-ASL
Transcribing agency BDDh-ASL
082 ## - DEWEY DECIMAL CLASSIFICATION NUMBER
Classification number 297.092
Item number RAQ
100 1# - MAIN ENTRY--PERSONAL NAME
9 (RLIN) 4554
Personal name Rahman, Maulavi Muhammad Abdur
245 10 - TITLE STATEMENT
Title Qurun-I Usta Ke Muslamano ki Ilmi Khidmat (V-2) : / قرون وسطی کے مسلمانوں کی علمی خدمات- حصہ اول
246 ## - VARYING FORM OF TITLE
Title proper/short title Qurun-I Usta Ke Muslamano ki Ilmi Khidmat :
260 ## - PUBLICATION, DISTRIBUTION, ETC.
Place of publication, distribution, etc. Delhi :
Name of publisher, distributor, etc. Nadwatul Musannifin ,
Date of publication, distribution, etc. 1950.
300 ## - PHYSICAL DESCRIPTION
Extent 319 p. :
Dimensions 18 cm.
650 #0 - SUBJECT ADDED ENTRY--TOPICAL TERM
9 (RLIN) 4523
Topical term or geographic name entry element Muslim History
Form subdivision Medieval Period
General subdivision Muslim
942 ## - ADDED ENTRY ELEMENTS (KOHA)
Source of classification or shelving scheme Dewey Decimal Classification
Koha item type Books
Holdings
Withdrawn status Lost status Source of classification or shelving scheme Damaged status Not for loan Collection code Home library Current library Shelving location Date acquired Source of acquisition Serial Enumeration / chronology Total Checkouts Full call number Barcode Date last seen Copy number Price effective from Koha item type
    Dewey Decimal Classification     Non-fiction Asiatic Society Library Asiatic Society Library General Stacks 09/24/2021 ASB Library Collection U-0057   297.092 RAQ 111972 09/24/2021 C-1 09/24/2021 Books

Powered by Koha